| 000 | 00460nam a22001817a 4500 | ||
|---|---|---|---|
| 003 | OSt | ||
| 005 | 20170105103440.0 | ||
| 008 | 120126t xxu||||| |||| 00| 0 eng d | ||
| 020 | _a188129935x | ||
| 040 | _cASAB | ||
| 050 | _a579.2 | ||
| 100 |
_aAngel Cid Arregui _924 |
||
| 245 |
_aViral Vectors _bBasic Science and Gene Therapy |
||
| 260 |
_aMexico _bA Bio techniques Eaton Publishing _c2000 |
||
| 300 | _a641 | ||
| 440 |
_aViral Vectors _925 |
||
| 942 |
_2lcc _cBK |
||
| 999 |
_c16437 _d16437 |
||